00738 2200253 4500001002100000005001500021035002000036007000300056008004100059020002200100082001100122084001700133100003700150245005700187250001000244300003800254650001800292700004200310264004600352336002100398337003000419338002300449990001200472INLIS00000000000045020250729101328 a0010-0725000022ta250729 0 ind  a978-623-400-665-0 a155.25 a155.25 IRV b0 aIrvan Muhammad ThalibePengarang1 aBerdamai Dengan Kesendirian /cIrvan Muhammad Thalib acet 1 axii, 212 halaman :bilus ;c19 cm 4aMotivasi Diri0 aJemima Jannah Darla PutriePenyunting aYogyakarta :bAnak Hebat Indonesia,c2023 2rdacontentateks 2rdamediaatanpa perantara 2rdacarrieravolume a25.0379